000 00671nam a2200241Ia 4500
003 OSt
005 20220925230643.0
006 a|||||r|||| 00| 0
007 ta
008 220923b |||||||| |||| 00| 0 eng d
020 _a1842771531
037 _cGeneral Book
040 _aRTL
_cRTL
_beng
041 _2eng
_aeng
082 _aY9(X991), P2
100 _aFeffer John Ed.
_9294077
245 0 _aLiving in hope
_b People challenging globalization
260 _aLondon
_bZed Books
_c2002
300 _axiv, 172p
_ccm.
650 _aIndustrial Sociology
942 _hY9(X991), P2
_cGB
_2CC
999 _c586273
_d586273